000
00253nam a22001097a 4500
082
_a
510 DEM'C
100
_a
DEMIDIVICH, B. P ,MARON, I. A
_9
57493
245
_a
COMPUTATIONAL MATHEMATICS
260
_a
MOSCOW
_b
MIR
_c
1973
300
_a
691P
942
_c
BK
999
_c
567770
_d
567770